Liverpool - Statistiques

Statistiques générales
  • Ce quiz a été pris 142 fois
  • Le résultat moyen est 5 sur 10
Statistiques - réponses
Question Réponse % Correct
Quel est le stage où joue Liverpool FC ? Anfield
100%
Quel club Liverpool a-t-il battu en finale de la Ligue des Champions 2005 lors du célèbre "Miracle d'Istanbul" ? AC Milan
85%
En quelle année Liverpool a-t-il remporté sa première Ligue des Champions sous Jürgen Klopp ? 2019
81%
Quel numéro porte Mohamed Salah à Liverpool ? 11
77%
Qui est le capitaine emblématique de Liverpool qui a mené l’équipe pendant les années 2000 ? Steven Gerrard
73%
Quel joueur est le meilleur buteur de l'histoire de Liverpool FC ? Ian Rush
54%
Combien de fois Liverpool a-t-il remporté la Premier League depuis l'ère moderne (1992) ? 1
31%
Qui est l'entraîneur légendaire qui a transformé Liverpool dans les années 1970 et 1980 ? Bill Shankly
23%
En quelle année Liverpool a-t-il remporté son tout premier championnat d'Angleterre ? 1901
19%
Combien de fois Liverpool a-t-il remporté la Ligue des Champions (jusqu'en 2024) ? 3
4%
Aucun quiz correspondant
Distribution des résultats
% des personnes avec chaque résultat
Percentile par nombre de réponses
Votre historique - résultats
Vous n’avez pas pris ce quiz